• 首页
  • 本馆介绍
  • 公告通知
  • 最新文献
  • 馆藏检索
  • 电子资源
  • 读者导购
  • 参考咨询
  • 我的图书馆
  • 登录
  • 详细信息显示
  • 放入我的书架
  • 预约/预借图书
  • 作者相关作品
  • 分类相关作品
  • 丛书相关作品
  • 出版社相关作品

书目信息

  • 表格格式
  • 工作单格式
  • 卡片格式
题名:
有色金属矿区水体和土壤重金属污染治理
    
 
作者: 林海 著
分册:  
出版信息: 北京   科学出版社  2020.11
页数: 317页
开本: 26cm
丛书名: 矿区生态环境修复丛书
单 册:
中图分类: X753
科图分类:
主题词: 有色金属--金属矿--矿区--水污染防治 , 有色金属--金属矿--矿区--土壤污染--重金属污染--污染防治
电子资源:
ISBN: 978-7-5088-5815-9
000 01554nam0 2200289 45
001 012001002266
005 20140913154704.0
010    @a978-7-5088-5815-9@b精装@dCNY258.00
100    @a20210202d2020 em y0chiy50 ea
101 0  @achi
102    @aCN@b110000
105    @aa z 000yy
106    @ar
200 1  @a有色金属矿区水体和土壤重金属污染治理@b专著@f林海[等]著@Ayou se jin shu kuang qu shui ti he tu rang zhong jin shu wu ran zhi li
210    @a北京@c科学出版社@c龙门书局@d2020.11
215    @a317页@c图@d26cm
225 1  @a矿区生态环境修复丛书@f干勇,胡振琪,党志主编
300    @a国家出版基金项目
304    @a著者还有:董颖博、李冰、贺银海
330    @a本书总结作者近5年的研究成果,首先综述有色金属矿业发展概况、矿区存在的重金属污染问题和治理修复技术及重金属污染治理的发展趋势;然后分别针对矿区重金属酸性水微生物处理、矿区复合重金属污染河流植物修复研究成果进行阐述,主要介绍耐酸吸附水体重金属微生物菌种的选育、固定化和去除机理,河流复合重金属污染水体修复水生植物优选与搭配、微生物耦合水生植物修复等;最后阐述矿区受复合重金属污染土壤陆生植物修复、微生物联合植物修复的研究成果,主要包括高效富集重金属陆生植物优选、搭配与机理,强化植物修复效果内生菌的选育、内生菌对宿主和非宿主植物的强化修复效果与机制。
461  0 @12001 @a矿区生态环境修复丛书@1701 0@a干勇,胡振琪,党志主编
606 0  @a有色金属@x金属矿@x矿区@x水污染防治
606 0  @a有色金属@x金属矿@x矿区@x土壤污染@x重金属污染@x污染防治
690    @aX753@v5
701  0 @a林海@f(1966.12~)@4著@Alin hai
801  0 @aCN@bBJSDL@c20211011
905    @b1339066-8@dX753@e354@f3
    
    有色金属矿区水体和土壤重金属污染治理/林海[等]著.-北京:科学出版社:龙门书局,2020.11
    317页:图;26cm.-(矿区生态环境修复丛书/干勇,胡振琪,党志主编)
    国家出版基金项目
    
    ISBN 978-7-5088-5815-9(精装):CNY258.00
    本书总结作者近5年的研究成果,首先综述有色金属矿业发展概况、矿区存在的重金属污染问题和治理修复技术及重金属污染治理的发展趋势;然后分别针对矿区重金属酸性水微生物处理、矿区复合重金属污染河流植物修复研究成果进行阐述,主要介绍耐酸吸附水体重金属微生物菌种的选育、固定化和去除机理,河流复合重金属污染水体修复水生植物优选与搭配、微生物耦合水生植物修复等;最后阐述矿区受复合重金属污染土壤陆生植物修复、微生物联合植物修复的研究成果,主要包括高效富集重金属陆生植物优选、搭配与机理,强化植物修复效果内生菌的选育、内生菌对宿主和非宿主植物的强化修复效果与机制。
●
相关链接 在E读中查询图书 在五车中查询图书 在当当中查询图书 在豆瓣中查询图书


正题名:有色金属矿区水体和土壤重金属污染治理     索取号:X753/354         预约/预借

序号 登录号 条形码 馆藏地/架位号 状态 备注
1 1339066   213390668   第二样本阅览室/ [索取号:X753/354] 在馆    
2 1339067   213390677   第三借阅区/ [索取号:X753/354] 在馆    
3 1339068   213390686   第三借阅区/ [索取号:X753/354] 在馆    
唐山师范学院图书馆 欢迎您!
大连网信软件有限公司© 版权所有